000
00275nam a2200109Ia 4500
008
190216s9999||||xx |||||||||||||| ||und||
100
_a
Das Gupta N
245
0
_a
Accounting For Agriculture
260
_b
Publications Division Govt. Of India
_c
1980
300
_a
33p
942
_c
BK
999
_c
5042
_d
5042